000 00619nam a2200253Ia 4500
003 OSt
005 20221005093117.0
006 a|||||r|||| 00| 0
007 ta
008 221004b |||||||| |||| 00| 0 eng d
020 _a0826458912
024 _a76394
037 _cTextual
040 _aCRL
_cCRL
_beng
041 _2eng
_aeng
082 _aW95, P2
100 _aHeater Derek
245 0 _aWorld citizenship
260 _aNew York
_bTower Building
_c2002
300 _a202
_ccm.
650 _aPOLITICAL SCIENCE
942 _hW95, P2
_cTEXL
_2cc
999 _c999834
_d999834